| 000 | 01904ncm0a2200373 4500 | ||
|---|---|---|---|
| 001 | RU\NLR\ONIZ\212088 | ||
| 005 | 20250624195629.0 | ||
| 010 | _a5-903117-01-5 | ||
| 021 |
_aRU _b06-163 _906-7 |
||
| 035 | _aRU\NLR\ONIZ\Таня\5000002343\20150620174010 | ||
| 035 | _a(NLR Aleph) 010891625 | ||
| 090 |
_a10557074 _c10557074 |
||
| 100 | _a20150302d2007 |||y0rusy50 ca | ||
| 101 | 0 | _arus | |
| 102 | _aRU | ||
| 125 | _azx | ||
| 145 | 0 | _ab | |
| 200 | 1 |
_aAllegro. Фортепиано. Интенсивный курс _bНоты _hТетр. № 10 _iПриятные встречи _eчтение с листа для всех классов _fТ. И. Смирнова |
|
| 205 | _aИзд. 3-е, полностью обновл. | ||
| 210 |
_aМосква _cСмирнова Т. И. _d2007 |
||
| 215 |
_a71, [1] с. _d29 см |
||
| 313 | _aСистематизация документа проведена по изданию - Методика классифицирования музыкальных произведений (нотных изданий) по таблицам Библиотечно-библиографических классификаций : метод. рекомендации / Гос. б-ка СССР им. В.И. Ленина.- М., 1977. Индексу ББК методических рекомендаций присваивается код ББК для научных библиотек - LBC/SL | ||
| 686 |
_aЩ954.29(2Р) _vLBC/SL _2rubbk |
||
| 700 | 1 |
_9z01790 _aСмирнова _bТ. И. _gТ. И. _4220 _7ca |
|
| 790 | 1 |
_9z01700 _aSmirnova _bT. I. _gT. I. _4220 _7ba |
|
| 801 | 0 |
_aRU _bNLR _c20150302 _gPSBO |
|
| 801 | 1 |
_aRU _bNLR _c20150302 _2rusmarc |
|
| 801 | 2 |
_aRU _bNLR _c20190630 |
|
| 852 |
_aNLR _bМ _j3/10939(10) _pМОЭ 2006-7/163 _t1 |
||
| 852 |
_aNLR _bМ _j3/10939(10)а _pМОЭ 2006-7/163а _t2 |
||
| 942 | _cSCORE | ||
| 980 | _aNB | ||
| 980 | _aONIZ | ||